000 00513nam a22001697a 4500
003 NUST - PNEC
005 20170116181200.0
008 150410b xxu||||| |||| 00| 0 eng d
040 _cLIBRARY
082 _a297.61 RAI
100 _916385
_aRais Ahmed Jafri
245 _aNahjul Balagha : Arabic and Urdu
_cSyed Rais Ahmed Jafri
260 _aLahore:
_bSheikh Ghulam Ali & Sons;
300 _a806 p. :
_c25 cm.
650 _92334
_aSeerat un Nabvi and History of famour sahaba etc.
_xGeneral
942 _2ddc
_cBK
999 _c71447
_d71447